A GUIDE-book to medicinal plants off Perlis

Bibliographic Details
Other Authors: Kasim Osman
Format: Book
Published: Kangar, Perlis : Jabatan Oerhutanan Negeri Perlis , 2002
Subjects:

MARC

LEADER 00000cam a2200000 7i4500
001 0000002705
005 20031113.0
020 0 0 |a 9834065337 
090 0 0 |a 581.63409595110   |b GUI 2002 
245 0 2 |a A GUIDE-book to medicinal plants off Perlis   |c Kasim Osman ... (et al.) 
260 0 0 |a Kangar, Perlis :   |b Jabatan Oerhutanan Negeri Perlis ,   |c 2002 
300 |a 139 p. :   |b col. ill. ;   |c 19 x 10 cm. 
650 0 0 |a Materia medica, Vegetable   |z Perlis 
650 0 0 |a Medicinal plants   |z Perlis 
700 0 1 |a Kasim Osman 
998 |a JPSM 
999 |a 0000004867   |b Monograph   |c Open Shelf   |e Default branch 
999 |a 0000004887   |b Monograph   |c Open Shelf   |e Default branch